000 03341cam a2200601 4500500
005 20251228073949.0
041 _afre
042 _adc
100 1 0 _aVendries, Christophe
_eauthor
245 0 0 _aOrphée, Isis, Sarapis et l’âne terrassé, le décor d’un cadran solaire de Durostorum (Silistra)
260 _c2017.
500 _a82
520 _aUn cadran solaire sphérique de Durostorum‑Silistra (Bulgarie), daté sans doute du iii e s., se singularise par l’importance et l’unicité de son décor sculpté organisé autour de trois personnages : Orphée, Isis et Sarapis. La scène centrale montre Orphée musicien jouant de la cithare au milieu de plusieurs animaux. L’anomalie tient à la présence parmi le bestiaire d’un âne renversé sur le sol, pattes en l’air, bien visible au premier plan. Étant donné que la scène est encadrée par les bustes d’Isis‑Luna et de Sarapis‑Sol, la présence de cet âne et sa posture singulière s’expliquent à la fois à la lumière des croyances égyptiennes autour de Seth, incarnation de l’âne, ennemi d’Osiris et d’Isis, et des théories pythagoriciennes qui font de l’âne un animal incompatible avec les lois de l’harmonie musicale. Ce décor à résonance cosmique, qui offre une synthèse de ces deux courants de pensée, était bien adapté pour un cadran solaire vraisemblablement exposé dans un sanctuaire isiaque.
520 _aA spherical sundial in Durostorum‑Silistra (Bulgaria), probably built around the beginning of the 3th Cent., bears an original scene based on three important divines figures: Orpheus, Isis and Sarapis. Orpheus the musician is depicted with his cithara amongst animals. The original feature is the presence of a dead ass amongst the beasts. An ass in this posture could be explained by the influence of Isis and Sarapis, on the columns, and their connexion to Seth, the age‑old enemy of Osiris and Isis, and often compared to an ass. Another interpretation could be linked to Pythagoras’ ideas about cosmic music which is incompatible with the noise made by an ass. This scene seems to be a synthesis of the two traditions, perfectly adapted to the function of a sundial, and probably originally exhibited in an Isis sanctuary.
690 _aÂne
690 _aCadran solaire
690 _aCanabae
690 _aDenderah
690 _aDurostorum
690 _aIsis
690 _aLégion XI
690 _aLune
690 _aLyre
690 _aMésie inférieure
690 _aMithra
690 _aMonde romain
690 _aOrphée
690 _aPlectre
690 _aPlutarque
690 _aSarapis
690 _aSeth
690 _aSoleil
690 _aAss
690 _aCanabae
690 _aDenderah
690 _aDurostorum
690 _aIsis
690 _aLegio XI
690 _aLyre
690 _aMithra
690 _aMoesia inferior
690 _aMoon
690 _aOrpheus
690 _aPlectrum
690 _aPlutarchus
690 _aRoman World
690 _aSarapis
690 _aSeth
690 _aSun
690 _aSundial
786 0 _nRevue archéologique | 64 | 2 | 2017-11-24 | p. 285-310 | 0035-0737
856 4 1 _uhttps://shs.cairn.info/revue-archeologique-2017-2-page-285?lang=fr&redirect-ssocas=7080
999 _c1596518
_d1596518